[Event "Avoine op 21th"]
[Site "Avoine"]
[Date "2006.07.23"]
[Round "2"]
[White "Mahe, Frederic"]
[Black "Thorel, Gregoire"]
[Result "1-0"]
[WhiteElo "1992"]
[BlackElo "1886"]
[PlyCount "63"]
[EventDate "2006.07.22"]
[EventType "swiss"]
[EventRounds "9"]
[EventCountry "FRA"]
[SourceTitle "EXT 2007"]
[Source "ChessBase"]
[SourceDate "2006.11.23"]
[SourceVersion "1"]
[SourceVersionDate "2006.11.23"]
[SourceQuality "1"]

1. e4 d6 2. Nc3 e5 3. Bc4 Nf6 4. d3 c6 5. Nf3 Bg4 6. Bg5 Nbd7 7. Qd2 Be7 8. h3 Bxf3 9. gxf3 h6 10. Bh4 Nxe4 11. dxe4 Bxh4 12. Qxd6 Qb6 13. Bxf7+ Kxf7 14. Qxd7+ Kg8 15. Qe6+ Kh7 16. Qf5+ Kg8 17. 0-0-0 Rd8 18. Qxe5 Rf8 19. Rd7 Bg5+ 20. Kb1 Rh7 21. Qe6+ Kh8 22. f4 Bxf4 23. Rf7 Qd8 24. Rd1 Qb8 25. Qe7 Rg8 26. Rd7 Bg5 27. Qe6 Rd8 28. Qf5 Rg8 29. f4 Bd8 30. Rf8 g6 31. Rxg8+ Kxg8 32. Qxg6+ 1-0

[Event "Angers op 1st"]
[Site "Angers"]
[Date "2006.05.06"]
[Round "1"]
[White "Mahe, Frederic"]
[Black "Bourigault, Jerome"]
[Result "1-0"]
[WhiteElo "2004"]
[BlackElo "1799"]
[PlyCount "53"]
[EventDate "2006.05.06"]
[EventType "swiss"]
[EventRounds "6"]
[EventCountry "FRA"]
[SourceTitle "EXT 2007"]
[Source "ChessBase"]
[SourceDate "2006.11.23"]
[SourceVersion "1"]
[SourceVersionDate "2006.11.23"]
[SourceQuality "1"]

1. e4 Nf6 2. Nc3 d6 3. d4 Nc6 4. Nf3 Bg4 5. Be3 e5 6. d5 Ne7 7. Qd2 a6 8. Be2 Ng6 9. h3 Bd7 10. g4 Be7 11. g5 Nh5 12. Nxe5 Nxe5 13. Bxh5 Nc4 14. Qd4 0-0 15. Qxc4 Bxg5 16. 0-0-0 b5 17. Qd3 f5 18. Rdg1 f4 19. Bd4 Bh6 20. f3 c5 21. dxc6 Bxc6 22. Nd5 Qh4 23. Bg4 Bxd5 24. exd5 Rfe8 25. Be6+ Kf8 26. Qf5+ Ke7 27. Qf7+ 1-0

[Event "Avoine op 20th"]
[Site "Avoine"]
[Date "2005.07.25"]
[Round "3"]
[White "Tripoteau, Nicolas"]
[Black "Mahe, Frederic"]
[Result "1-0"]
[WhiteElo "2295"]
[BlackElo "2037"]
[PlyCount "51"]
[EventDate "2005.07.23"]
[EventType "swiss"]
[EventRounds "9"]
[EventCountry "FRA"]
[SourceTitle "EXT 2007"]
[Source "ChessBase"]
[SourceDate "2006.11.23"]
[SourceVersion "1"]
[SourceVersionDate "2006.11.23"]
[SourceQuality "1"]

1. d4 e6 2. Nf3 Nf6 3. e3 b6 4. Bd3 Bb7 5. 0-0 d5 6. b3 Be7 7. Bb2 0-0 8. Nbd2 Nbd7 9. Ne5 c5 10. Qf3 cxd4 11. exd4 a5 12. Qh3 a4 13. Rae1 axb3 14. axb3 Ra2 15. Bc1 Bb4 16. Re3 Bxd2 17. Bxd2 Ba6 18. Nc6 Qc7 19. Ne7+ Kh8 20. Bxh7 g6 21. Bxg6+ Kg7 22. Qh6+ Kxh6 23. Rh3+ Kg7 24. Bh6+ Kh8 25. Bxf8+ Nh7 26. Rxh7# 1-0